Truyện cổ Hàn Quốc

שמור ב:
מידע ביבליוגרפי
מחבר ראשי: Truyện cổ Hàn Quốc
פורמט: ספר
שפה:Undetermined
יצא לאור: Hà Nội Văn Hóa Dân Tộc 1998
נושאים:
תגים: הוספת תג
אין תגיות, היה/י הראשונ/ה לתייג את הרשומה!
Thư viện lưu trữ: Trung tâm Học liệu Trường Đại học Cần Thơ
LEADER 00581nam a2200169Ia 4500
001 CTU_32605
008 210402s9999 xx 000 0 und d
082 |a 398.2 
082 |b Tr527 
100 |a Truyện cổ Hàn Quốc 
245 0 |a Truyện cổ Hàn Quốc 
245 0 |c Truyện cổ Hàn Quốc, Đặng Văn Lung; Dịch giả: Lưu Thị Sinh, Đặng Linh Chi 
260 |a Hà Nội 
260 |b Văn Hóa Dân Tộc 
260 |c 1998 
650 |a folk literature, korean 
980 |a Trung tâm Học liệu Trường Đại học Cần Thơ